000 00313nam a2200133Ia 4500
005 20251222143304.0
008 251222s9999||||xx |||||||||||||| ||spa||
020 _a84-9742-042-4
082 _a371.01/R93
100 _aRuiz, Aurora
245 0 _aLa Escuela Pública:
264 _bBiblioteca Nueva
942 _cLIB
999 _c15446
_d15446